00672nam a2200157Ia 4500008004100000020002200041082001600063100002700079245011600106260002300222300001100245500003100256650011700287952009300404999001700497120629s9999 xx 000 0 und d a978-968-24-7146-9 a659.2 P397c aPeña Guzmán, Diana aCongresos, convenciones y reuniones : oganización y operación de eventos especiales / Diana Peña Guzmán aMéxico : Trillas a239 p. aBibliografía e índices a1. CONGRESOS Y CONVENCIONES--ORGANIZACION Y ADMINISTRACION \ 2. EXPOSICIONES--ORGANIZACION Y ADMINISTRACION Ì 00104070a15b15d2010-09-30l0o659.2 P397Cp15 004479r2017-12-07t1w2012-06-28yLB c77503d77503